Journal of travel & tourism marketing

Na minha lista:
Detalhes bibliográficos
Formato: Periódico
Idioma:inglês
Publicado em: Binghamton <The> Haworth Hospitality Press 2001
Assuntos:
Tags: Adicionar Tag
Sem tags, seja o primeiro a adicionar uma tag!

MARC

LEADER 00000nas2a22000001 4500
001 0006970
005 20230228074357.0
022 |a 1054-8408 
041 0 |a eng 
044 |a US 
245 1 0 |a Journal of travel & tourism marketing 
264 1 |a Binghamton  |b <The> Haworth Hospitality Press  |c 2001 
300 |a 1 zv. 
773 0 |w eu_un_cat*s120151 
610 2 0 |a ruch cestovný 
610 2 0 |a marketing